Data communicatons and networking (Record no. 9976)

MARC details
000 -LEADER
fixed length control field 00475nam a2200217Ia 4500
001 - CONTROL NUMBER
control field 094531
003 - CONTROL NUMBER IDENTIFIER
control field YMCAF
005 - DATE AND TIME OF LATEST TRANSACTION
control field 20230512161936.0
008 - FIXED-LENGTH DATA ELEMENTS--GENERAL INFORMATION
fixed length control field 100717s2008 ||||||||||||||||| ||und|d
024 ## - OTHER STANDARD IDENTIFIER
Standard number or code 94531
035 ## - SYSTEM CONTROL NUMBER
System control number 33989
040 ## - CATALOGING SOURCE
Original cataloging agency YMCAF
Language of cataloging eng
Transcribing agency IN-KoLT
041 ## - LANGUAGE CODE
Language code of text/sound track or separate title eng
082 ## - DEWEY DECIMAL CLASSIFICATION NUMBER
Classification number 004.6
Item number FOR
100 ## - MAIN ENTRY--PERSONAL NAME
Personal name Forouzan, Bhrouz A
245 #0 - TITLE STATEMENT
Title Data communicatons and networking
250 ## - EDITION STATEMENT
Edition statement 4th
260 ## - PUBLICATION, DISTRIBUTION, ETC.
Name of publisher, distributor, etc. TMH
Date of publication, distribution, etc. 2008
300 ## - PHYSICAL DESCRIPTION
Extent 1134
942 ## - ADDED ENTRY ELEMENTS (KOHA)
Source of classification or shelving scheme Dewey Decimal Classification
Koha item type Books
Holdings
Withdrawn status Lost status Damaged status Not for loan Home library Current library Date acquired Cost, normal purchase price Total Checkouts Barcode Date last seen Cost, replacement price Price effective from Koha item type Public note G Total Renewals Date last checked out Date due
        JC Bose University of Science & Technology JC Bose University of Science & Technology 17/07/2010 365.00   33998 12/05/2023 365.00 12/05/2023 Books C 3017      
        JC Bose University of Science & Technology JC Bose University of Science & Technology 17/07/2010 365.00   33989 12/05/2023 365.00 12/05/2023 Books C 3017      
        JC Bose University of Science & Technology JC Bose University of Science & Technology 17/07/2010 365.00 9 33990 27/02/2026 365.00 12/05/2023 Books C 3017 3 17/02/2026  
        JC Bose University of Science & Technology JC Bose University of Science & Technology 17/07/2010 365.00 7 33991 31/12/2024 365.00 12/05/2023 Books C 3017 5 28/11/2024  
        JC Bose University of Science & Technology JC Bose University of Science & Technology 17/07/2010 365.00   33992 12/05/2023 365.00 12/05/2023 Books C 3017      
        JC Bose University of Science & Technology JC Bose University of Science & Technology 17/07/2010 365.00 6 33993 12/06/2024 365.00 12/05/2023 Books C 3017 1 06/06/2024  
        JC Bose University of Science & Technology JC Bose University of Science & Technology 17/07/2010 365.00 2 33994 06/03/2025 365.00 12/05/2023 Books C 3017   18/02/2025  
        JC Bose University of Science & Technology JC Bose University of Science & Technology 17/07/2010 365.00 5 33995 11/12/2024 365.00 12/05/2023 Books C 3017 3 29/11/2024  
        JC Bose University of Science & Technology JC Bose University of Science & Technology 17/07/2010 365.00 6 33996 12/06/2024 365.00 12/05/2023 Books C 3017 3 05/04/2024  
        JC Bose University of Science & Technology JC Bose University of Science & Technology 17/07/2010 365.00 8 33997 22/03/2024 365.00 12/05/2023 Books C 3017 4 22/03/2024 20/06/2024